000 00733nam a2200229 a 4500
005 20240831063814.0
008 170905s1995 mx r 000 0 spa d
020 _a8476475438
035 _aUPN01000220206
049 _aI
050 4 _aPQ6668 O3.75
_bC3.8
100 1 _aRodríguez Almodóvar, Antonio,
_d1941-
_930636
245 1 3 _aUn castillo de mil pares de narices (II) /
_cA. R. Almodóvar ; il. Nina Pérez Nollet.
260 _aSevilla, Esp. :
_bAlgaida,
_c1995.
300 _a16 p. :
_bprincipalmente il. col.
440 0 _aCuentos de la media lunita ;
_v54
650 4 _aCuentos infantiles españoles
_97725
700 1 _aPérez Nollet, Nina,
_eil.
905 _aInfantil
999 _c192305
_d192305